Nhân lực trẻ đào tạo và triển vọng
Tallennettuna:
| Aineistotyyppi: | Kirja |
|---|---|
| Kieli: | Undetermined |
| Julkaistu: |
H.
Thanh niên
1999
|
| Aiheet: | |
| Tagit: |
Lisää tagi
Ei tageja, Lisää ensimmäinen tagi!
|
| Thư viện lưu trữ: | Trung tâm Học liệu Trường Đại học Cần Thơ |
|---|
| LEADER | 00427nam a2200145Ia 4500 | ||
|---|---|---|---|
| 001 | CTU_53140 | ||
| 008 | 210402s9999 xx 000 0 und d | ||
| 082 | |a 371.425 | ||
| 082 | |b Nh121 | ||
| 245 | 0 | |a Nhân lực trẻ đào tạo và triển vọng | |
| 260 | |a H. | ||
| 260 | |b Thanh niên | ||
| 260 | |c 1999 | ||
| 650 | |a vocational guidance,youth and education | ||
| 980 | |a Trung tâm Học liệu Trường Đại học Cần Thơ | ||